000 01026nam a2200313 i 4500
001 000009904
003 DO-SdBNP
005 20250522093157.0
007 ta
008 091002s1996 dr ac r 000 p spa d
040 _aDO-SdBNP
_bspa
_cBNPHU
_erda
041 _aspa
082 4 _aRD861.44
_bD542v
_222
100 1 _aDíaz Carela, Cecilio,
_d1948-
_eautor
_4aut.
_924839
245 1 0 _aViento sur /
_cCecilio Díaz Carela ; edición, Carlos Gómez Doorly.
264 4 _aSanto Domingo :
_bEditora Tavárez,
_c©1996.
300 _a104 páginas :
_bilustraciones, retratos ;
_c21 cm.
336 _atexto
_btxt
_2rdacontent
337 _asin mediación
_bn
_2rdamedia
338 _avolumen
_bnc
_2rdacarrier
490 0 _aColección de poemas
590 _aInventariado, 2018/BT
650 4 _aPoesía dominicana
_966
650 4 _aSonetos dominicanos
_910208
650 4 _aLiteratura dominicana.
_967
700 1 _aGómez Doorly, Carlos,
_eeditor
_4ed.
_987345
910 _aValidado. Control de calidad. MFF
942 _2ddc
_cLBS1
999 _c9663
_d9663